Top 3 countries with exceptions - Statistics

General Stats
  • This quiz has been taken 288 times
  • The average score is 13 of 15
Answer Stats
Hint Country % Correct
Most populous China/ India/ Indonesia
100%
Best military Russia/ China/ India
100%
Richest (total GDP) China/ Japan/ Germany
99%
Most guessed on Jetpunk Canada/ Russia/ China
98%
Most oil production Russia/ Saudi Arabia/ Canada
97%
Biggest subdivisions Russia/ Australia/ Denmark
91%
Happiest Finland/ Iceland/ Denmark
89%
Richest (GDP per capita) Qatar/ Luxembourg/ Singapore
89%
Most medals in the 2021 Summer Olympics United Kingdom/ Germany/ France
87%
Smallest population density Australia/ Canada/ Kazakhstan
85%
Population density Monaco/ Singapore/ Bahrain
84%
Highest HDI Norway/ Ireland/ Switzerland
82%
Most Buddhists Cambodia/ Thailand/ Myanmar
81%
Least guessed on Jetpunk Sao Tome and Principe/ Nauru/ Comoros
70%
Lowest HDI Niger/ Central African Republic/ Chad
62%
No matching quizzes found
Score Distribution
Percent of People with Each Score
Percentile by Number Answered
Your Score History
You have not taken this quiz